| 000 | 00359nam a22001577a 4500 | ||
|---|---|---|---|
| 003 | SGT | ||
| 020 | _a9781138969322 | ||
| 082 | _a150.724,LEV | ||
| 100 | _aLEVINE, GUSTAV | ||
| 245 | _aEXPERIMENTAL METHODS IN PSYCHOLOGY | ||
| 250 | _a1ST | ||
| 260 |
_aLONDON _bROUTLEDGE PUBLICATIONS _c2016 |
||
| 300 | _a474 | ||
| 650 | _aPSYCHOLOGY | ||
| 942 |
_2ddc _cBK |
||
| 999 |
_c23079 _d23079 |
||